La Eneida
Saved in:
| Main Authors: | , |
|---|---|
| Format: | Bog |
| Sprog: | spansk |
| Udgivet: |
Buenos Aires
Sopena
1946
|
| Serier: | Biblioteca Mundial Sopena
|
| Fag: | |
| Tags: |
Tilføj Tag
Ingen Tags, Vær først til at tagge denne postø!
|
MARC
| LEADER | 00000nam a2200000 a 4500 | ||
|---|---|---|---|
| 001 | UCQ4469 | ||
| 003 | CL-VaPUC | ||
| 008 | 980904e19460000AG |||||||||||||||||spa|d | ||
| 082 | 0 | 4 | |a 873 |b VIR |2 21 |
| 100 | 0 | |a Virgilio |e author |9 266332 | |
| 700 | 0 | |a Virgilio Marón, Publio |e author |9 266333 | |
| 245 | 1 | 3 | |a La Eneida |
| 300 | |a 2 v | ||
| 942 | |c BK | ||
| 945 | |d 19980904 00:00:00 |a lriquelm | ||
| 260 | |a Buenos Aires |b Sopena |c 1946 | ||
| 600 | 0 | 7 | |a VIRGILIO MARON, PUBLIO |2 CL-VaPUC |9 266333 |
| 650 | 0 | |a Poesías épicas latinas |9 265355 | |
| 650 | 0 | |a Formas y géneros literarios |9 324031 | |
| 583 | |a last modification |c 20121218 08:08:22 |k Rodrigo Vera | ||
| 490 | 0 | |a Biblioteca Mundial Sopena | |
| 999 | |c 274843 |d 274841 | ||
| 952 | |0 0 |1 0 |4 0 |6 873_000000000000000_VIR_1946 |7 0 |8 X |9 311180 |a BIBHIS |b BIBHIS |d 2019-11-20 |h v.1 |i 136393K |o 873 VIR 1946 |p 136393K |r 2024-01-30 |w 2019-11-20 |y BK_X |k HIS | ||
| 952 | |0 0 |1 0 |4 0 |6 873_000000000000000_VIR_1946 |7 0 |8 X |9 311181 |a BIBHIS |b BIBHIS |d 2019-11-20 |h v.2 |i 1363948 |o 873 VIR 1946 |p 1363948 |r 2024-01-30 |w 2019-11-20 |y BK_X |k HIS | ||